00343nam a2200121Ia 4500008004100000100000900041245008200050260003600132300000800168650002000176942000800196999001700204190216s9999||||xx |||||||||||||| ||und|| aNull 0aQuestion Papers And Model Answers Of The Dept. Exam For Income Tax Inspectors bDirectorate Of Inspectionc1969 a54p aQuestion Papers cREF c35810d35810